Mennyit ér, aki meguszta [!megúszta] ?

Elmentve itt :
Bibliográfiai részletek
Szerző: Kőszeg Ferenc
Dokumentumtípus: Cikk
Megjelent: 1984
Sorozat:Beszélő : politikai és kulturális folyóirat 11
Kulcsszavak:Történelemtudomány, Politikatörténet, Társadalomtudomány
Online Access:http://misc.bibl.u-szeged.hu/2232
LEADER 00651nab a2200181 i 4500
001 misc2232
005 20191106141439.0
008 170607s1984 hu o 0|| hun d
022 |a 0865-4093 
040 |a SZTE Miscellanea Repozitórium  |b hun 
041 |a hun 
100 1 |a Kőszeg Ferenc 
245 1 0 |a Mennyit ér, aki meguszta [!megúszta] ?  |h [elektronikus dokumentum] /  |c  Kőszeg Ferenc 
260 |c 1984 
300 |a 32-35 
490 0 |a Beszélő : politikai és kulturális folyóirat  |v 11 
695 |a Történelemtudomány, Politikatörténet, Társadalomtudomány 
856 4 0 |u http://misc.bibl.u-szeged.hu/2232/1/beszelo_011_032-035.pdf  |z Dokumentum-elérés